| 000 | 00502nam a2200169Ia 4500 | ||
|---|---|---|---|
| 003 | GCL | ||
| 008 | 140319s9999 xx 000 0 eng d | ||
| 040 |
_aGCL / _cGCL |
||
| 082 | 0 | 4 |
_a621.317 _bL C |
| 100 | 1 | _aCOMMITTEEOF EDUCATORS | |
| 245 | 1 | 0 |
_aCOMPUTER AIDED ANALYSIS AND DESIGN OF SWITCH - MADE POWER SUPPLIES / _cCOMMITTEEOF EDUCATORS |
| 260 |
_a[S.N] : _bMACMILLAN PUBLISHING COMPANY ، _c1993 |
||
| 300 | _a522 P | ||
| 650 | 0 | 4 | _aCOMPUTER |
| 650 | 0 | 4 | _aCOMPUTER AIDED DESIGN |
| 942 |
_2ddc _cBK |
||
| 999 |
_c17541 _d17541 |
||